01504 a2200181 45000010006000000050017000060080041000230030015000640400040000790800070001192450065001890200022002542640029002763000019003055050945003240410008012691000045012776397320260521160827.0260521a1979 arg spa dAR-UNSa-BCEJYS aAR-UNSa-BCEJYSbspacAR-UNSa-BCEJYS a656xTransportes. Correos. Organización y control del tráfico10aProyectos de transportespPlanificación e implementación a978-968-18-1002-3 1aMéxico :bLimusac1979 a164 p.c23 cm. a1. Análisis de los conceptos – 2. Análisis de la estructura – 3. Análisis económico – 4. Tipología de los proyectos de transporte – 5. Sistema global de administración de proyectos de transporte – 6. Condiciones de institucionalización – 7. Planeamiento: el anillo ferroviario de Belo Horizonte por Antonio Manoel de Sequeira Cavalcanti – 8. Gerencia por Diego Barañano – 9. Planificación, programación y control – 10. Recursos humanos por Diego Barañano – 11. Recursos materiales, por Carlos Alberto Milone e Sinval de Olivera Filho – 12. Recursos financieros, por Claudio Salgado – 13. Información y control por Colbert Demaria Boiteux – 14. Planificación, programación y control – 15. Recursos materiales, por Carlos Alberto Milone e Sinval de Olivera Filho – 16. Recursos financieros por Teodosio Ibarrola Coronel – 17. Información y control por Colbert Demaria Boiteux – aspa1 aBanco Interamericano de Desarrollo (BID)